Central Library OPAC University of Rajshahi

Perception and the representative design of psychological experiments/ (Record no. 30812)

MARC details
000 -LEADER
fixed length control field 01085cam a2200313I 4500
001 - CONTROL NUMBER
control field 30812
003 - CONTROL NUMBER IDENTIFIER
rucl marc code BD-RjUL
005 - DATE AND TIME OF LATEST TRANSACTION
control field 20211209051623.0
008 - FIXED-LENGTH DATA ELEMENTS--GENERAL INFORMATION
fixed length control field 140411s19561947caua b 000 0 eng d
035 ## - SYSTEM CONTROL NUMBER
System control number MITb10907628
System control number (OCoLC)01549883
-- (BD-RjUL) 30899
040 ## - CATALOGING SOURCE
Original cataloging agency DLC
Transcribing agency FQG
Modifying agency SER
-- OCL
-- BD-RjUL
Language of cataloging eng
041 ## - LANGUAGE CODE
Language code of text/sound track or separate title eng
082 ## - DEWEY DECIMAL CLASSIFICATION NUMBER
Classification number 150.72
Author mark and year BRP 1956
090 ## - LOCALLY ASSIGNED LC-TYPE CALL NUMBER (OCLC); LOCAL CALL NUMBER (OCLC)
Classification number (OCLC) (R) ; Classification number, CALL (RLIN) (NR) QP355
Local cutter number (OCLC) ; Book number/undivided call number, CALL (RLIN) .B83x 1956
100 1# - MAIN ENTRY--PERSONAL NAME
Personal name Brunswik, Egon,
Dates associated with a name 1903-1955.
9 (RLIN) 88260
245 10 - TITLE STATEMENT
Title Perception and the representative design of psychological experiments/
250 ## - EDITION STATEMENT
Edition statement 2d ed., rev. and enl.
260 ## - PUBLICATION, DISTRIBUTION, ETC. (IMPRINT)
Place of publication, distribution, etc. Berkeley :
Name of publisher, distributor, etc. University of California Press,
Date of publication, distribution, etc. 1956.
300 ## - PHYSICAL DESCRIPTION
Pagination xii, 154 p. :
Illustrations illus., diagrs., tables. ;
Size 27 cm.
500 ## - GENERAL NOTE
General note First published in 1947 under title: Systematic and representative design of psychological experiments, with results in physical and social perception.
504 ## - BIBLIOGRAPHY, ETC. NOTE
Bibliography, etc Bibliography: p. 147-154.
650 #0 - SUBJECT ADDED ENTRY--TOPICAL TERM
Topical term or geographic name as entry element Psychophysiology.
9 (RLIN) 93612
942 ## - ADDED ENTRY ELEMENTS (KOHA)
Source of classification or shelving scheme Dewey Decimal Classification
Koha item type Books
946 ## - LOCAL PROCESSING INFORMATION (OCLC)
a t
949 ## - LOCAL PROCESSING INFORMATION (OCLC)
a c
p 39080021876344
Holdings
Lost status Source of classification or shelving scheme Damaged status Not for loan Collection code Permanent Location Current Location Shelving location Date acquired Source of acquisition Cost, normal purchase price Total Checkouts Full call number Date last seen Copy number Koha item type
  Dewey Decimal Classification     Non-fiction Central Library, University of Rajshahi Central Library, University of Rajshahi   12/12/1962 Zeitlinger 0.00   150.72 BRP 1956 12/04/2014 C-2 Books
  Dewey Decimal Classification   Not For Loan Non-fiction Central Library, University of Rajshahi Central Library, University of Rajshahi Reading Room 23/01/1962 B.H.Blackwell 21.00   150.72 BRP 1956 12/04/2014 C-1 Books